00711nam a22002057a 450000500170000001000130001702000100003003500130004003700160005304000120006908200180008110000170009924501850011626000380030127000590033930000260039850000400042465000180046465000230048220170124110037.0 aA-465386 c00.00 aA-465386 bCen Lib/Ret aDPLbEN a364.1323bDES aDesai, A.R.  aExpanding govermental lawlessness and organized struggles /cby A.R. Desai bviolation of democratic rights of the minorities, women, slum dwellers, press and some other violations bPopular Prakashan aBombay c1991 a35C, Pandit Madan Mohan Malviya MarghbBombay e400034 axxv, 328p.0c23cm(Hb) aIncludes bibliographical references aConstitution  aDemocratic rights